Piosenki Agnieszki Osieckiej - Statystyki

Ogólne statystyki
  • Ten quiz został rozwiązany 37 razy
  • Średni wynik to 6 z 15
Statystyki odpowiedzi
Tekst: Tytuł piosenki: % Poprawnych
"Może rosną im już pisklęta, a suknia tej młodej uszyta jest z moich snów..." Małgośka
81%
"Bufet jak bufet jest zaopatrzony, zależy czy tu, czy gdzieś tam. Tańcz póki żyjesz i śmiej się do żony i pij... zdrowie dam!" Niech żyje bal
81%
"Wymęczeni, wychudzeni, z dyplomami już w kieszeni. Odpływają pociągami, potem żenią się z żonami, potem wiążą koniec z końcem za te polskie dwa tysiące..." Okularnicy
74%
"Szalona wiruje chusta, szalone wirują usta, Ot, kaczałka, wariatka, ech! Nie patrzy do lustra..." Wariatka tańczy
63%
"Ona już wie, już zna te historie, że żona go nie rozumie, że wcale ze sobą nie śpią. Ona na pamięć to umie. Jakże o tym zapomnieć, jak w pamięci to zatrzeć, lepiej milczeć przytomnie i patrzeć..." Czy te oczy mogą kłamać
59%
"Na wszystkie moje tęsknoty, ochoty duszy mej. Wielkich wypraw pod Kraków, nocnych rozmów rodaków, wysokonogich lasów I bardzo dużo czasu..." Wielka Woda
44%
"W sezonie i potem, przed ptaków odlotem, na wielka tęsknotę Ty. Zawsze Ty..." Na całych jeziorach Ty
41%
"Wezmę cię do łóżka nie płacz już głuptasie, patrz - tu jest poduszka i dla ciebie jasiek. Wybacz, że nago śpię..." Bossanova do poduszki
33%
"Lepiej chodźmy bo papieros zgaśnie, niedługo pan to czuje będzie rano. Ona czeka wcale dziś nie zaśnie, a robotnicy wstaną..." Na zakręcie
33%
"Lecz nie rozczulaj się nad sercem, na cóż mi kwiaty, pomarańcze, ja jeszcze z wiosną się rozkręcę, ja jeszcze z wiosną się roztańczę!" W żółtych płomieniach liści
26%
"Fotografia jak byłeś mały, i te panie, co cię całowały i historie jak grałbyś Hamleta, i ta jedna, jedyna kobieta!" Dobranoc Panowie
22%
"Szukam kogoś, kogoś na stale, na długą drogę w dal. Szukam kogoś na życie całe, na wspólny śmiech i żal..." Weselne dzieci
22%
"Gdy uskładasz już na bilet, okręt zacznie fale pruć, to w Koluszkach, w Mińsku, w Chile ja cię znajdę, krzyknę: "Wróć!" Mówiłam żartem
19%
"Na cóż dawne ulice, kalendarze, powroty, po co tyle tęsknoty, ja ci wierzę: nie trzeba... Kiedy patrzę na ciebie, nie pamiętam już o tym, tylko tyle, a ty się nie gniewaj..." Mój pierwszy bal
15%
"Szare kominy, ptaki bezskrzydłe, z widokiem na inne ptaki bezskrzydłe. Szare serca, biedne liczydła, z widokiem na randkę z innym liczydłem. Gdzieniegdzie jeszcze małe drzwi, a w małych drzwiach śmieszne sny...: Ulica Japońskiej Wiśni
15%
Nie znaleziono quizów pasujących do podanych kryteriów
Rozkład punktacji
Procent ludzi z każdym wynikiem
Percentyl według liczby udzielonych odpowiedzi
Twoja historia wyników
Nie rozwiązałeś tego quizu